Terapia de pareja: enfoque conductual-sistémico
Guardat en:
| Autor principal: | |
|---|---|
| Format: | Llibre |
| Idioma: | espanyol |
| Publicat: |
Madrid
Pirámide
1988
|
| Col·lecció: | Colección Psicología
|
| Matèries: | |
| Etiquetes: |
Afegir etiqueta
Sense etiquetes, Sigues el primer a etiquetar aquest registre!
|
MARC
| LEADER | 00000nam a2200000 a 4500 | ||
|---|---|---|---|
| 001 | UCW7182 | ||
| 003 | CL-VaPUC | ||
| 008 | 920921e19880000SP |||||||||||||||||spa|d | ||
| 082 | 0 | 4 | |a 616.89156 |b BOR |2 21 |
| 100 | 0 | |a Bornstein, Philip H |e author |9 312335 | |
| 245 | 1 | 0 | |a Terapia de pareja: enfoque conductual-sistémico |
| 300 | |a 205 p | ||
| 942 | |c BK | ||
| 945 | |d 19920921 00:00:00 | ||
| 260 | |a Madrid |b Pirámide |c 1988 | ||
| 650 | 0 | |a Psicoterapia familiar |9 310747 | |
| 650 | 7 | |a PSICOTERAPIA MARITAL |2 CL-VaPUC |9 312336 | |
| 583 | |a last modification |c 20140409 10:59:58 |k Rodrigo Vera | ||
| 490 | 0 | |a Colección Psicología | |
| 999 | |c 220036 |d 220034 | ||
| 952 | |0 0 |1 0 |4 0 |6 616_891560000000000_BOR_1988 |7 0 |8 A |9 211767 |a BIBEDU |b BIBEDU |c ES_NOD |d 2019-11-15 |i 2799006 |o 616.89156 BOR 1988 |p 2799006 |r 2023-08-09 |w 2019-11-15 |y BK |k EDU | ||